Mozart and the whale : an asperger's love story

Bibliographic Details
Main Author: Jerry
Other Authors: Dodd, Johnny, Newport, Mary
Format: Book
Published: New York : Touchstone , 2007
Subjects:

MARC

LEADER 00000cam a2200000 7i4500
001 0000009959
005 20080107.0
008 071008
020 |a 074327282X 
090 0 0 |a JER   |b ENG 
100 1 |a Jerry 
245 1 0 |a Mozart and the whale :   |b an asperger's love story   |c Jerry and Mary Newport with Johnny Dodd 
260 |a New York :   |b Touchstone ,   |c 2007 
650 0 |a Asperger's syndrome   |x Patients   |x Biography 
650 0 |a English fiction 
650 0 |a Husband and wife 
650 0 |a Newport, Mary   |x Health 
650 0 |a Novel 
700 1 |a Dodd, Johnny 
700 1 |a Newport, Mary 
999 |a 0001000094   |b Book   |c Adult Collection   |e Perbadanan Perpustakaan Awam Johor